Statistics for Most Streamed Travis Scott Songs

Click here to take the quiz!

General Stats

  • This quiz has been taken 411 times
  • The average score is 11 of 20

Answer Stats

StreamsAlbumSong Title% Correct
1.981BASTROWORLDSICKO MODE
96%
2.139BBITTSMgoosebumps
94%
712.4MSingle/RemixGoosebumps - Remix
94%
1.208BASTROWORLDBUTTERFLY EFFECT
78%
690.9MASTROWORLDSTARGAZING
77%
465.1MRodeo90210
75%
655.3MRodeoAntidote
75%
1.468BSingleHIGHEST IN THE ROOM
75%
657.2MJACKBOYSOUT WEST
66%
693.1MCertified Lover BoyFair Trade
61%
538.8MASTROWORLDCAN’T SAY
55%
672.5MBITTSMpick up the phone
48%
604.2MASTROWORLDYOSEMITE
47%
746.4MSingleTHE SCOTTS
39%
700.8MSo Much FunThe London
33%
742.3MCtrlLove Galore
32%
556.8MMore LifePortland
32%
1.002BDying to LiveZEZE
25%
574.0MHollywood’s BleedingTake What You Want
17%
550.9MWar & LeisureSky Walker
12%

Score Distribution

Percentile by Number Answered

Percent of People with Each Score

Your Score History

You have not taken this quiz